000 00569nam a2200169 i 4500
001 92131
003 ES-MaACL
007 t|
008 050221s1954 sp ||||1| spa d
100 1 _aLezius, Albert.
_972128
245 1 0 _aResecciones pulmonares /
_cAlbert Lezius; prefacio del Prof. Dr. R. Nisson; traducción del alemán por el Dr. Lesmes Zabal Cervera.
260 _aBarcelona :
_bLabor,
_c1954.
300 _a172 p. :
_b2 lám, il. ;
_c28 cm.
700 1 _aNisson, R.
_985773
700 1 _aZabal Cervera, Lesmes.
_9117773
852 _aES-MaACL
_jC-8329
_bR.36693
999 _c92131
_d92131